Normal view MARC view
  • BLUEPRINTS MACHINERY DRAWINGS FREEHAND TECHNICAL SKETCHING

Entry Topical Term

Number of records used in: 1

001 - CONTROL NUMBER

  • control field: 63086

003 - CONTROL NUMBER IDENTIFIER

  • control field: NUST

005 - DATE AND TIME OF LATEST TRANSACTION

  • control field: 20210628203046.0

008 - FIXED-LENGTH DATA ELEMENTS

  • fixed length control field: 210628|| aca||aabn | a|a d

040 ## - CATALOGING SOURCE

  • Original cataloging agency: NUST
  • Transcribing agency: NUST

150 ## - HEADING--TOPICAL TERM

  • Topical term or geographic name entry element: BLUEPRINTS MACHINERY DRAWINGS FREEHAND TECHNICAL SKETCHING

670 ## - SOURCE DATA FOUND

  • Source citation: Work cat.: (NUST): Wallach, Paul , Hoffman, Edward G 63085, Blueprint reading for manufacturing, 1988
© 2023 Central Library, National University of Sciences and Technology. All Rights Reserved.